000 00339nam a22001457a 4500
005 20231206120952.0
008 231206b |||||||| |||| 00| 0 eng d
082 _a954.91
_bHUS
100 _aHussain Ch.
245 _aPakistan Studies
260 _aLahore
_bSaeed Book Center
300 _a142
650 _aLiterature/Urdu
999 _c34800
_d34800